NICMAR : Journal of Construction Management (Record no. 9377)

MARC details
000 -LEADER
fixed length control field 00493nam a22001217a 4500
003 - CONTROL NUMBER IDENTIFIER
control field OSt
008 - FIXED-LENGTH DATA ELEMENTS--GENERAL INFORMATION
fixed length control field 201203b ||||| |||| 00| 0 eng d
245 ## - TITLE STATEMENT
Title NICMAR : Journal of Construction Management
250 ## - EDITION STATEMENT
Edition statement 2016(Jan-Jun Vol.31 No.1-2, Jul-Sep Vol.31 No.3, Oct-Dec Vol.31 No.4) 2018(Jan-Mar Vol.33 No.1, Apr-Jun Vol.33 No.2, Jul-Sep Vol.33 No.3, Oct-Dec Vol.33 No.4)
260 ## - PUBLICATION, DISTRIBUTION, ETC. (IMPRINT)
Place of publication, distribution, etc Pune
Name of publisher, distributor, etc National Instt. Of Construction Management And Rrsearch
650 ## - SUBJECT ADDED ENTRY--TOPICAL TERM
Topical term or geographic name as entry element Civil Engineering
942 ## - ADDED ENTRY ELEMENTS (KOHA)
Source of classification or shelving scheme Dewey Decimal Classification
Koha item type BOUND VOLUME
Holdings
Withdrawn status Lost status Source of classification or shelving scheme Materials specified (bound volume or other part) Damaged status Not for loan Collection code Home library Current library Date acquired Source of acquisition Serial Enumeration / chronologySerial Enumeration / Volume No. Total Checkouts Acc. no. / Barcode Date last seen Bill Date Koha item type
    Dewey Decimal Classification Bound Volume   Not For Loan B.Tech(CE) PIET C-LIBRARY PIET C-LIBRARY 04/12/2020 National Instt. Of Construction Management And Rrsearch 2016(Jan-Jun Vol.31 No.1-2, Jul-Sep Vol.31 No.3, Oct-Dec Vol.31 No.4) 2018(Jan-Mar Vol.33 No.1, Apr-Jun Vol.33 No.2, Jul-Sep Vol.33 No.3, Oct-Dec Vol.33 No.4)   BV52 04/12/2020 09/01/2016 BOUND VOLUME

Design & Developed by: PIET Central Library
R70 Miles Stone Pattikalyana Samalkha Panipat 132102
mail ID :- [email protected], Phone No:- 0180-2569700 Ex.216